| 000 | 01066cam a2200217 4500 | ||
|---|---|---|---|
| 001 | ABS62284 | ||
| 008 | 000000n2000 000 0 eng u | ||
| 035 | _a(Sirsi) u106341 | ||
| 100 | _aPheng, L.S. | ||
| 245 | _aIntegrating JIT into quality management systems (Part II): a survey of construction firms | ||
| 260 | _c2000 | ||
| 490 |
_aConstruction Information Quarterly _v2(1) 1-10(10) |
||
| 520 | _aThe starting point of this study is that the implementation of quality management and Just-in-time (JIT) systems in construction companies is unco-ordinated on the whole. Through a survey of companies attempts; to establish the similarities between ISO 9000 requirements and JIT concepts; to identify areas where ISO 9000 cncepts can be used by JIT; and to assess how much the industry is aware of ISO 9000 and JIT. References | ||
| 590 | _aABS | ||
| 650 | _aQUALITY MANAGEMENT SYSTEMS | ||
| 650 | _aJUST-IN-TIME TECHNIQUES | ||
| 650 | _aCONSTRUCTION INDUSTRY | ||
| 650 | _aPRODUCTIVITY | ||
| 690 | _aBUILDING AND CONSTRUCTION-MANAGEMENT | ||
| 942 | _n0 | ||
| 999 |
_c63690 _d63690 |
||